Подробности
| 000 -МАРКЕР |
| контрольное поле |
01976nam0a2200325 4500 |
| 001 - ИДЕНТИФИКАТОР ЗАПИСИ |
| контрольное поле |
RU\NLR\bibl\484086 |
| 005 - ИДЕНТИФИКАТОР ВЕРСИИ |
| контрольное поле |
20260407093525.0 |
| 021 ## - НОМЕР ГОСУДАРСТВЕННОЙ РЕГИСТРАЦИИ |
| Код страны |
Российская Федерация |
| Номер |
2003-29570п |
| Номер Листа государственной регистраци |
1155 |
| 035 ## - ДРУГИЕ СИСТЕМНЫЕ НОМЕРА |
| Идентификатор записи |
(NLR Aleph) 000476822 |
| 100 ## - ДАННЫЕ ОБЩЕЙ ОБРАБОТКИ |
| Данные общей обработки |
20040128d2003 |||y0rusy50 ca |
| 101 0# - ЯЗЫК РЕСУРСА |
| Язык текста, звукозаписи и т.д. |
русский |
| 102 ## - СТРАНА ПУБЛИКАЦИИ ИЛИ ПРОИЗВОДСТВА |
| Страна публикации |
Российская Федерация |
| 105 ## - ПОЛЕ КОДИРОВАННЫХ ДАННЫХ: ТЕКСТОВЫЕ МАТЕРИАЛЫ, МОНОГРАФИЧЕСКИЕ |
| Кодированные данные о монографическом текстовом документе |
a ||||||||| |
| 200 1# - ЗАГЛАВИЕ И СВЕДЕНИЯ ОБ ОТВЕТСТВЕННОСТИ |
| Основное заглавие |
Федеральная целевая прогрмма "Переход к комплектованию военнослужащими, проходящими военную службу по контракту, ряда соединений и воинских частей" на 2004-2007 годы |
| Сведения, относящиеся к заглавию |
Утв. постановлением Правительства Рос. Федерации от 25 авг. 2003 г. N 523 |
| 210 ## - ПУБЛИКАЦИЯ, РАСПРОСТРАНЕНИЕ И ДР. |
| Место издания, распространения и т.д. |
М. |
| Имя издателя, распространителя и т. д. |
Военинформ |
| Дата издания, распространения и т.д. |
2003 |
| 215 ## - ФИЗИЧЕСКАЯ ХАРАКТЕРИСТИКА |
| Специфическое обозначение материала и объем |
68 с. |
| Другие сведения о физической характеристике |
ил. |
| Размеры |
29 |
| 225 1# - СЕРИЯ |
| Основное заглавие серии |
Военные комиссариаты |
| Сведения, относящиеся к заглавию |
Информ. бюл. |
| Обозначение тома |
N 4(16): Спец. вып. |
| 300 ## - ОБЩИЕ ПРИМЕЧАНИЯ |
| Текст примечания |
Описано по 3-й с. На тит.л. и обл. только загл. сер. |
| 601 01 - НАИМЕНОВАНИЕ ОРГАНИЗАЦИИ КАК ПРЕДМЕТ |
| Начальный элемент ввода |
Российская Федерация |
| Структурное подразделение организации |
Вооруженные силы |
| Тематический подзаголовок |
Личный состав |
| -- |
Прохождение военной службы по контракту |
| Системный номер авторитетной/нормативной записи |
2095581 |
| Идентификатор авторитетной/нормативной записи |
RU\NLR\AUTH\661267948 |
| 601 01 - НАИМЕНОВАНИЕ ОРГАНИЗАЦИИ КАК ПРЕДМЕТ |
| Начальный элемент ввода |
Российская Федерация |
| Структурное подразделение организации |
Вооруженные силы |
| Тематический подзаголовок |
Комплектование |
| Системный номер авторитетной/нормативной записи |
2267655 |
| Идентификатор авторитетной/нормативной записи |
RU\NLR\AUTH\6601588632 |
| 686 1# - ИНДЕКСЫ ДРУГИХ КЛАССИФИКАЦИЙ |
| Индекс |
Ц4,6(2Р)23 |
| 710 02 - НАИМЕНОВАНИЕ ОРГАНИЗАЦИИ - ПЕРВИЧНАЯ ОТВЕТСТВЕННОСТЬ |
| Начальный элемент ввода |
"Переход к комплектованию военнослужащими, проходящими военную службу по контракту, ряда соединений и частей", федеральная целевая программа |
| Идентифицирующий признак |
2004-2007; РФ |
| Идентификатор авторитетной/нормативной записи |
RU\NLR\AUTH\8810051184 |
| Системный номер авторитетной/нормативной записи |
602646 |
| 801 #0 - ИСТОЧНИК ЗАПИСИ |
| Страна |
Российская Федерация |
| Организация |
NLR |
| Дата составления |
20040128 |
| Правила каталогизации |
PSBO |
| 801 #1 - ИСТОЧНИК ЗАПИСИ |
| Страна |
Российская Федерация |
| Организация |
NLR |
| Дата составления |
20040128 |
| 852 ## - МЕСТОНАХОЖДЕНИЕ И ШИФР ХРАНЕНИЯ |
| Идентификатор организации |
NLR |
| Шифр хранения (Call Number) |
П11/4399 |
| 942 ## - ДОПОЛНИТЕЛЬНЫЕ ЭЛЕМЕНТЫ ЗАПИСИ (АБИС) |
| Тип экземпляра АБИС |
Книга |
| 980 ## - КОЛЛЕКЦИЯ |
| Название коллекции |
Национальная библиография |